Alle Straßennamen in Falkensee - Statistiken

Allgemein
  • Dieses Quiz wurde 15 mal gespielt
  • Das Durchschnittsergebnis liegt bei 41 aus 412
Antwortstatistiken
Antwort % Korrekt
Bahnhofstraße
83%
Bahnstraße
83%
Waldstraße
75%
Berliner Straße
67%
Falkenstraße
67%
Fischerstraße
50%
Parkstraße
50%
Potsdamer Straße
50%
Auerstraße
42%
Brandenburgstraße
42%
Elsterplatz
42%
Elsterstraße
42%
Falkenhagener Straße
42%
Havelstraße
42%
Karl-Marx-Straße
42%
Kölner Straße
42%
Meisenstraße
42%
Poststraße
42%
Rheinstraße
42%
Ringstraße
42%
Rosenstraße
42%
Seegefelder Straße
42%
Spandauer Straße
42%
Wilhelm-Busch-Straße
42%
Adlerstraße
33%
Bergstraße
33%
Blumenstraße
33%
Chemnitzer Straße
33%
Dallgower Straße
33%
Finkenkruger Straße
33%
Gartenstraße
33%
Hansastraße
33%
Karl-Liebknecht-Straße
33%
Kirchstraße
33%
Krügerstraße
33%
Leipziger Straße
33%
Rudolf-Breitscheid-Straße
33%
Schönwalder Straße
33%
Ahornstraße
25%
Birkenstraße
25%
Buchenstraße
25%
Clara-Zetkin-Straße
25%
Coburger Straße
25%
Donaustraße
25%
Dresdener Straße
25%
Eschenstraße
25%
Fehrbelliner Straße
25%
Finkenweg
25%
Geschwister-Scholl-Straße
25%
Havelländer Weg
25%
Heinrich-Zille-Straße
25%
Hertzstraße
25%
Käthe-Kollwitz-Straße
25%
Mainstraße
25%
Nauener Straße
25%
Oderstraße
25%
Pestalozzistraße
25%
Poetenweg
25%
Rembrandtstraße
25%
Rotkehlchenstraße
25%
Spreestraße
25%
Straße der Einheit
25%
Wachtelfeld
25%
Alter Fischerweg
17%
Amselstraße
17%
Arcostraße
17%
Barkhausenstraße
17%
Beethovenallee
17%
Bochumer Straße
17%
Bonner Straße
17%
Bredower Straße
17%
Dieselstraße
17%
Drosselstraße
17%
Dürerstraße
17%
Dyrotzer Weg
17%
Elbeallee
17%
Essener Straße
17%
Feuerbachstraße
17%
Fichtestraße
17%
Friedenstraße
17%
Friedrich-Engels-Allee
17%
Friedrich-Ludwig-Jahn-Straße
17%
Gertrud-Kolmar-Weg
17%
Hallesche Straße
17%
Hamannstraße
17%
Hirschsprung
17%
Innstraße
17%
Isarstraße
17%
Jean-Paul-Straße
17%
Kantstraße
17%
Kastanienallee
17%
Krummer Luchweg
17%
Löwestraße
17%
Mainzer Straße
17%
Mannheimer Straße
17%
Martin-Luther-Straße
17%
Max-Liebermann-Straße
17%
Melli-Beese-Straße
17%
Milanstraße
17%
Nachtigallstraße
17%
Nedlitzer Straße
17%
Neißestraße
17%
Oskar-von-Miller-Straße
17%
Ringpromenade
17%
Rohrbecker Weg
17%
Rosa-Luxemburg-Platz
17%
Rostocker Straße
17%
Ruppiner Straße
17%
Schillerallee
17%
Sonnenstraße
17%
Spechtstraße
17%
Storchenstraße
17%
Stuttgarter Straße
17%
Trappenweg
17%
Ulmenstraße
17%
Wiesenstraße
17%
Adolf-Haferland-Weg
8%
Akazienhof
8%
Akazienstraße
8%
Allerstraße
8%
Am Gutspark
8%
Am Schlaggraben
8%
Amselhainstraße
8%
An der Lake
8%
Anna-Von-Gierke-Weg
8%
Augsburger Straße
8%
Bachstelzenstraße
8%
Bandelowstraße
8%
Benzstraße
8%
Böcklinstraße
8%
Bötzower Straße
8%
Brahmsallee
8%
Brieselanger Weg
8%
Bussardstraße
8%
Dahmestraße
8%
Daimlerstraße
8%
Döberitzer Straße
8%
Dohlensteg
8%
Düsseldorfer Straße
8%
Eberswalder Straße
8%
Ehlersstraße
8%
Einsteinstraße
8%
Emdener Straße
8%
Emsstraße
8%
Erfurter Straße
8%
Eulenstraße
8%
Faberweg
8%
Falkenkorso
8%
Fasanenstraße
8%
Fliederstraße
8%
Fontaneallee
8%
Forstweg
8%
Frankestraße
8%
Fraunhoferstraße
8%
Freiburger Straße
8%
Freimuthstraße
8%
Friedrich-Hahn-Straße
8%
Fritze-Müller-Weg
8%
Fröbelstraße
8%
Fuchsbau
8%
Gladbacher Straße
8%
Glienicker Straße
8%
Gutenbergstraße
8%
Hans-Thoma-Straße
8%
Hasenwinkel
8%
Haydnallee
8%
Heckmannstraße
8%
Heidelberger Straße
8%
Henkelstraße
8%
Hennigsdorfer Straße
8%
Hentschelstraße
8%
Holbeinstraße
8%
Humboldtallee
8%
Im Waldwinkel
8%
Käthe-Paulus-Straße
8%
Konstanzer Straße
8%
Koppstraße
8%
Leinestraße
8%
Leistikowstraße
8%
Lerchenstraße
8%
Lübecker Straße
8%
Ludwig-Richter-Straße
8%
Ludwigshafener Straße
8%
Marwitzer Straße
8%
Max-Klinger-Straße
8%
Meißener Straße
8%
Merlinstraße
8%
Montessoristraße
8%
Morsestraße
8%
Moselstraße
8%
Mozartallee
8%
Neckarstraße
8%
Nelly-Sachs-Straße
8%
Opelstraße
8%
Panzerstraße
8%
Paul-Simmel-Weg
8%
Potterstraße
8%
Rathenaustraße
8%
Regensburger Straße
8%
Reinickestraße
8%
Röntgenstraße
8%
Rügener Straße
8%
Ruhrstraße
8%
Saalestraße
8%
Schwalbenstraße
8%
Schwarzburger Straße
8%
Seeburger Straße
8%
Seepromenade
8%
Siemensweg
8%
Sperberstraße
8%
Sperlingstraße
8%
Spitzwegstraße
8%
Staakener Heuweg
8%
Starstraße
8%
Steinmeisterstraße
8%
Stralsunder Straße
8%
Tegeler Straße
8%
Veltener Straße
8%
Voltastraße
8%
Von-Suttner-Straße
8%
Weimarer Straße
8%
Weserstraße
8%
Wiesenweg
8%
Wismarer Straße
8%
Wolffstraße
8%
Wupperstraße
8%
Wuppertaler Straße
8%
Zaunkönigstraße
8%
Zeppelinstraße
8%
Adornostraße
0%
Alemannenstraße
0%
Alter Finkenkrug
0%
Am Poloplatz
0%
Am Tiefen Grund
0%
Am Waldfriedhof
0%
Am Wildpark
0%
An der Rehwiese
0%
Anschützstraße
0%
Arnstädter Straße
0%
Asternplatz
0%
Asternstraße
0%
Bachallee
0%
Bäckerweg
0%
Berchtesgadener Straße
0%
Bitterfelder Straße
0%
Bodelschwinghstraße
0%
Bornimer Straße
0%
Bozener Straße
0%
Bredower Weg
0%
Bregenzer Straße
0%
Bremener Straße
0%
Calvinstraße
0%
Clara-Schumann-Allee
0%
Comeniusstraße
0%
Dachsbau
0%
Damwildsteig
0%
Darmstädter Straße
0%
Diesterwegstraße
0%
Duisburger Straße
0%
Dyrotzer Weg Ausbau
0%
Edisonstraße
0%
Eichkätzchenallee
0%
Elberfelder Straße
0%
Enckestraße
0%
Erlenstraße
0%
Erna-Offeney-Weg
0%
Ernst-Abbe-Straße
0%
Eutiner Straße
0%
Eutiner Straße Ausbau
0%
Fahrländer Straße
0%
Feldweg Am Schlaggraben
0%
Finowstraße
0%
Foersterstraße
0%
Frankenstraße
0%
Freienwalder Straße
0%
Freiligrathstraße
0%
Friedensaue
0%
Friesenstraße
0%
Fuggerstraße
0%
Garteneck
0%
Gaußstraße
0%
Geibelallee
0%
Gelsenkirchener Straße
0%
Germanenstraße
0%
Glaserweg
0%
Gluckallee
0%
Goetheallee
0%
Gotensteg
0%
Gothaer Straße
0%
Griegallee
0%
Grusonstraße
0%
Güntherstraße
0%
Habichtstraße
0%
Haeckelallee
0%
Händelallee
0%
Hansaplatz
0%
Havelberger Straße
0%
Hegelallee
0%
Heideweg
0%
Heineallee
0%
Heinkelstraße
0%
Helmholtzstraße
0%
Herbartstraße
0%
Herderallee
0%
Horkheimerstraße
0%
Iltissteig
0%
Im Wolfsgarten
0%
Innsbrucker Straße
0%
Jaspersstraße
0%
Jenaer Straße
0%
Johann-Strauß-Allee
0%
Junkerstraße
0%
Kaulbachstraße
0%
Keplerstraße
0%
Kiebitzsteg
0%
Kieler Straße
0%
Koblenzer Straße
0%
Kochstraße
0%
Königszelter Straße
0%
Korczakstraße
0%
Krampnitzer Straße
0%
Krefelder Straße
0%
Kremmener Straße
0%
Kuckuckswinkel
0%
Kufsteiner Straße
0%
Kulmbacher Straße
0%
Lahnstraße
0%
Leibnizstraße
0%
Lessingallee
0%
Lichtenbergstraße
0%
Liebenwalder Straße
0%
Lilienthalstraße
0%
Lindauer Straße
0%
Lisztallee
0%
Lönsweg
0%
Lortzingallee
0%
Mardersteig
0%
Markomannenstraße
0%
Maurerweg
0%
Maybachstraße
0%
Meininger Straße
0%
Melanchthonstraße
0%
Meraner Straße
0%
Morgensegen
0%
Möwenstraße
0%
Mülheimer Straße
0%
Münchener Straße
0%
Muselowstraße
0%
Nauener Chaussee
0%
Neusser Straße
0%
Niederneuendorfer Weg
0%
Nobelstraße
0%
Nürnberger Straße
0%
Pausiner Straße
0%
Pfarrer-Voigt-Platz
0%
Platanenstraße
0%
Prenzlauer Straße
0%
Rabenweg
0%
Ravenéstraße
0%
Reichenhaller Straße
0%
Reiherstraße
0%
Remscheider Straße
0%
Reuterallee
0%
Rheinsberger Straße
0%
Riesaer Straße
0%
Rothenburger Straße
0%
Rottweiler Straße
0%
Rückertallee
0%
Rüdesheimer Straße
0%
Sachsenstraße
0%
Sacrower Straße
0%
Salzburger Straße
0%
Scharenbergstraße
0%
Schlosserweg
0%
Schmiedeweg
0%
Schopenhauerstraße
0%
Schubertallee
0%
Schusterweg
0%
Schwartzkopffstraße
0%
Schwarzwildweg
0%
Seesteg 1
0%
Seesteg 2
0%
Seesteg 3
0%
Slabystraße
0%
Solinger Straße
0%
Starnberger Straße
0%
Taubenstraße
0%
Telemannallee
0%
Templiner Straße
0%
Teutonenstraße
0%
Thierstraße
0%
Tischlerweg
0%
Tübinger Straße
0%
Turmfalkenstraße
0%
Uhlandallee
0%
Wagnerallee
0%
Waldkauzstraße
0%
Wansdorfer Straße
0%
Wattstraße
0%
Weberallee
0%
Weingartnerallee
0%
Wendensteg
0%
Wendtpromenade
0%
Werdener Straße
0%
Weseler Straße
0%
Wielandstraße
0%
Wieselpaß
0%
Würzburger Straße
0%
Zank-Gericke-Weg
0%
Zeisigstraße
0%
Zu Den Luchgärten
0%
Zwinglistraße
0%
Keine übereinstimmenden Quizze gefunden
Verteilung der Resultate
Anzahl Personen mit jedem Resultat
Perzentil nach korrekt beantworteten Fragen
Ihre Resultats-Entwicklung
Sie haben dieses Quiz noch nicht gespielt